ბათუმის შოთა რუსთაველის სახელმწიფო უნივერსიტეტის ბიბლიოთეკა

როცა მთავრდება ბავშვობა (ბიბ.ჩანაწერი № 48571)

000 -LEADER
fixed length control field 00809nam a2200229Ia 4500
001 - CONTROL NUMBER
control field 15470
003 - CONTROL NUMBER IDENTIFIER
control field GE_BSU
008 - FIXED-LENGTH DATA ELEMENTS--GENERAL INFORMATION
fixed length control field 181216s||||||||xx |||||||||||||| ||und||
040 ## - CATALOGING SOURCE
Transcribing agency GE_BSU
080 ## - UNIVERSAL DECIMAL CLASSIFICATION NUMBER
Universal Decimal Classification number 82-93:821.353.1-32
100 ## - MAIN ENTRY--PERSONAL NAME
Personal name ჩხაიძე,ალექსანდრე
245 ## - TITLE STATEMENT
Title როცა მთავრდება ბავშვობა
245 ## - TITLE STATEMENT
Remainder of title მოთხრობები
245 ## - TITLE STATEMENT
Statement of responsibility, etc. რედ.შ.ზოიძე. მხატვ. გ.ხოჯაშვილი
260 ## - PUBLICATION, DISTRIBUTION, ETC.
Place of publication, distribution, etc. ბათუმი
260 ## - PUBLICATION, DISTRIBUTION, ETC.
Name of publisher, distributor, etc. საბჭოთა აჭარა
260 ## - PUBLICATION, DISTRIBUTION, ETC.
Date of publication, distribution, etc. 1973
300 ## - PHYSICAL DESCRIPTION
Extent 315გვ.1ფ.პორტრ.18სმ.
653 ## - INDEX TERM--UNCONTROLLED
Uncontrolled term მოთხრობები
653 ## - INDEX TERM--UNCONTROLLED
Uncontrolled term როცა მთავრდება ბავშვობა
942 ## - ADDED ENTRY ELEMENTS (KOHA)
Koha item type წიგნი
ეგზემპლარები
Withdrawn status Lost status Damaged status Not for loan Date acquired Barcode Date last seen Price effective from Koha item type
        2018-12-17 38578 2018-12-17 2018-12-17 წიგნი